000 00638nam a2200217Ia 4500
005 20260629163255.0
008 260629s9999||||xx |||||||||||||| ||und||
020 _a670912336
_qhb
020 _a9780670912339
_qhb
082 _a915.4
_bMOR
100 _aMoraes, Dom [ed.]
245 4 _aThe penguin book of Indian journeys
260 _aNew Delhi
_bViking, Penguin Books India
_c2001
300 _axii, 369p. ; 23cm.
653 _aIndia—Description and travel
653 _aIndia—Social life and customs
653 _aTravel literature
653 _aTravelers' writings, Indic
653 _aVoyages and travels
942 _cBK
999 _c57333
_d57333